000 00732nam a2200253 i 4500
001 bgj
100 1 _aFITZGERALD, Francis Scott
_d(1896-1940).
245 1 0 _aTender is the Night :
_ba romance /
_cF. Scott Fitzgerald.
260 _aLondon [etc.] :
_bPenguin Books,
_c1986.
300 _a[349] pp ;
_c20 cm.
490 1 _aPenguin Twentieth Century Classics
650 9 _aPsychiatrists
650 9 _aWealth
_xMoral and ethical aspects
650 9 _aLove stories
650 9 _aPsychological fiction
655 _aFiction
830 _aPenguin Twentieth Century Classics
020 _a0140180753
040 _cBPK
041 0 _aeng
920 _a0-14-018075-3
942 _cKS
008 s uk f |000 0 eng
999 _c47955
_d47955
856 _uhttp://koha.tu.koszalin.pl/cgi-bin/koha/opac-detail.pl?biblionumber=47955
_yKatalog online BPK